Places To Study

There are group study rooms, individual study carrels, computer labs, and other spaces to study in the Libraries.

Reserve A Group Room

Online Resources

Access thousands of eBooks, audiobooks, and online journals from the comfort of your home.

Explore Resources

Events and Workshops

Join our upcoming events and workshops to enhance your skills and knowledge.

View Events

ပဥ္စကရဏအဋ္ဌကထာနိဿယ၊ (Record no. 2570)

MARC details
000 -LEADER
fixed length control field 01050nam a22001937a 4500
003 - CONTROL NUMBER IDENTIFIER
control field OSt
005 - DATE AND TIME OF LATEST TRANSACTION
control field 20251121133805.0
008 - FIXED-LENGTH DATA ELEMENTS--GENERAL INFORMATION
fixed length control field 251121b |||||||| |||| 00| 0 eng d
040 ## - CATALOGING SOURCE
Transcribing agency DCL
082 ## - DEWEY DECIMAL CLASSIFICATION NUMBER
Classification number ၂၉၄.၃၈၂၄၇
130 ## - MAIN ENTRY--UNIFORM TITLE
Uniform title တိပိဋက။
Name of part/section of a work အဘိဓမ္မာပိဋက။
Title of a work ပဥ္စကရဏ၊
Language of a work အဋ္ဌကထာ၊
Version နိဿယ။
245 ## - TITLE STATEMENT
Title ပဥ္စကရဏအဋ္ဌကထာနိဿယ၊
Number of part/section of a work တတိယတွဲ /
Statement of responsibility, etc. ဂူကြီးဆရာတော်ဘုရားကြီး။
264 ## - PRODUCTION, PUBLICATION, DISTRIBUTION, MANUFACTURE, AND COPYRIGHT NOTICE
Place of production, publication, distribution, manufacture ရန်ကုန် ၊
Name of producer, publisher, distributor, manufacturer သုဓမ္မဝတီစာပုံနှိပ်တိုက်၊
Date of production, publication, distribution, manufacture, or copyright notice ၁၉၁၆။
300 ## - PHYSICAL DESCRIPTION
Extent ၄၀၆ စာမျက်နှာ ၊
Dimensions ၂၅ စင်တီ။
650 ## - SUBJECT ADDED ENTRY--TOPICAL TERM
Topical term or geographic name entry element ပဥ္စကရဏ
Form subdivision အဋ္ဌကထာနိဿ။
650 ## - SUBJECT ADDED ENTRY--TOPICAL TERM
Topical term or geographic name entry element ပဋ္ဌာန်း
General subdivision အဋ္ဌကထာနိဿ။
700 ## - ADDED ENTRY--PERSONAL NAME
Personal name ဂူကြီးဆရာတော်ဘုရားကြီး။
942 ## - ADDED ENTRY ELEMENTS (KOHA)
Source of classification or shelving scheme Dewey Decimal Classification
Koha item type Short Term
Suppress in OPAC No
Holdings
Withdrawn status Lost status Source of classification or shelving scheme Damaged status Not for loan Collection Accession No. Home library Current library Shelving location Date acquired Total checkouts Full call number Barcode Date last seen Price effective from Koha item type
    Dewey Decimal Classification     Myanmar Pitaka Collection ၁၃၁၉ Dhammadhara Dhammadhara Myanmar Pitaka Shelves 21/11/2025   ၂၉၄.၃၈၂၄၇ အဘိ ၁၃၁၉ MB00001319 21/11/2025 21/11/2025 Short Term